000 02468cam a22005654i 4500
003 PE-LiUPU
005 20250731172819.0
008 150617s r 000 0 d
035 _a(Sirsi) a13913
040 _aPE-LiUPU
_bspa
_cPE-LiUPU
_erda
049 _aPRUA
082 0 4 _a253.5
_bL46 1978
082 0 4 _a253.5
_bL46
_221
100 1 _aLeón, Jorge A.,
_eautor.
245 1 0 _aPsicología pastoral de la iglesia /
_cJorge A. León.
264 1 _aMiami :
_bCaribe,
_c1978.
300 _a192 páginas ;
_c20 cm
336 _atext
_2rdacontent
337 _aunmediated
_2rdamedia
338 _avolume
_2rdacarrier
504 _aIncluye bibliografía.
505 0 _aLa iglesia en una perspectiva pastoral. -La iglesia como comunidad tarapéutica. -El asesoramiento pastoral por medio de grupos. -El pastor en un mundo en conflicto. -Hacia la renovación de la iglesia. -Conclusiones.
526 _aSEG42
526 _aSEG41
526 _aSEG40
526 _aSEG39
526 _aP94
526 _aP87
526 _aP86
526 _aP85
526 _aP77
526 _aP76
526 _aP35
650 0 4 _aPsicología pastoral.
910 _ajck
_bjvq
_cjck
_d20150616
942 _2ddc
_cBOOK
949 _a253.5 L46
_wDEWEY
_c1
_i18449
_lCCODEBUL1
_mBUL
_p00.00
_r0
_sY
_tBOOK
_u19801219
_xTEOLOGIA
_PP35
_0COMPRA
_o.STAFF. Colección General
949 _a253.5 L46
_wDEWEY
_c2
_i38471
_lCCODEBUL1
_mBUL
_p00.00
_r0
_sY
_tBOOK
_u19801219
_xTEOLOGIA
_PP35
_0COMPRA
_o.STAFF. Colección General
949 _a253.5 L46
_wDEWEY
_c3
_i18450
_lCCODEBUL1
_mBUL
_p00.00
_r0
_sY
_tBOOK
_u19801219
_xTEOLOGIA
_PP35
_0COMPRA
_o.STAFF. Colección General
949 _a253.5 L46
_wDEWEY
_c1
_iFT00066
_lCCODEBUT1
_mBUT
_p{Dolar}12.00
_r0
_sY
_tBOOK
_u2018-06-24
_xBIBLIOTECA
_zUNKNOWN
_0COMPRA
_o.STAFF. Colección General TARAPOTO
994 _aC0
_bPEPRU
596 _a1
999 _a253.5 L46
_wDEWEY
_c4333
_i18449
_f2019-12-10
_g4
_lDISCARD
_mBUL
_r0
_sY
_tBOOK
_u2015-6-17
_xTEOLOGIA
_PP35
_0COMPRA
_o.STAFF. Colección General
_d4333
999 _a253.5 L46
_wDEWEY
_c2
_i38471
_d2018-4-2
_f2021-11-10
_g5
_lCCODEBUL1
_mBUL
_q1
_r0
_sY
_tBOOK
_u2015-6-17
_xTEOLOGIA
_PP35
_0COMPRA
_o.STAFF. Colección General
999 _a253.5 L46
_wDEWEY
_c3
_i18450
_f2019-12-10
_g4
_lDISCARD
_mBUL
_r0
_sY
_tBOOK
_u2015-6-17
_xTEOLOGIA
_PP35
_0COMPRA
_o.STAFF. Colección General
980 _81
_gALBERTO SANCHEZ Responsable de Automatización